| 000 | 00398nam a2200145Ia 4500 | ||
|---|---|---|---|
| 008 | 220214s9999 xx 000 0 und d | ||
| 100 | _aHurtley Stella | ||
| 245 | 0 | _aCO2 and miocene climate change | |
| 260 |
_bScience _c2009 |
||
| 300 | _a1315-1317 | ||
| 520 | _aArticles bound received from Dr. James Jacob, Director, 2021 | ||
| 650 | _aClimate change | ||
| 650 | _aCO2 emission | ||
| 942 | _cRE | ||
| 999 |
_c45893 _d45893 |
||